000 01682cad a22002415a 4500
001 E147166
008 090408s2009 xxk f 000 0 eng d
035 _a(Sirsi) u147166
041 0 _aeng
050 0 4 _a693.82 $2 18
110 2 _aFire Protection Association
_9231
245 0 0 _aCode of practice for the protection of empty buidings
_bfire safety and security
_h[electronic resource]
260 _aMoreton in Marsh
_bFire Protection Association
_c2009
505 2 _aIntroduction -- Scope -- Synopsis -- Section 1, the extent of the problem -- Section 2, managing the shutdown -- Section 3, fire and empty buildings -- Section 4, information for the fire service -- Section 5, temporary use of empty buildings -- Section 6, adjacent property -- Section 7, general precautions -- Section 8, security precautions: perimeter protection; lighting; physical security measures; electronic security systems; manned guarding services -- Section 9, insurers' requirements -- Section 10, liaison with the police -- Section 11, legal liability; Section 12, management checklist -- Appendix A: historic buildings -- References
520 _aProvides guidance on fire protection measures to those with responsibility for any premises which are empty on a temporary basis and which are considered by the owners to have a viable future, as well as those buildings which have a more uncertain future.
521 _aIntroductory
590 _aKA
651 4 _aUnited Kingdom
_y
690 _aMANAGEMENT-HEALTH AND SAFETY-FIRE SAFETY
710 1 _aNorwich Union
856 4 0 _uhttps://www.nurs.co.uk/riskadvice/index.htm
_zView the report free of charge at www.nurs.co.uk...
942 _n0
999 _c109465
_d109465